Statistics for Manchester United Quiz: Guess The Player.

Click here to take the quiz!

General Stats

  • This quiz has been taken 1,204 times
  • The average score is 10 of 15

Answer Stats

HintAnswer% Correct
Spanish centre attacking midfielder- joined from Chelsea.Juan Mata
96%
English striker- joined from Everton.Wayne Rooney
88%
Spanish goalkeeper- joined from Athletico Madrid.David De Gea
86%
Dutch striker- joined from Arsenal.Robin Van Persie
84%
English left back- joined from Southampton.Luke Shaw
83%
Spanish midfielder- joined from Athletic Bilbao.Ander Herrera
79%
Dutch manager.Louis Van Gaal
76%
Ecuador winger- joined from Wigan.Antonio Valencia
73%
Japanese centre attacking midfielder- joined from Borussia Dortmund.Shinji Kagawa
70%
English centre back- joined from Blackburn.Phil Jones
68%
Brazilian right back- joined from Fluminese.Rafael
66%
Belgian midfielder- joined from Everton.Marouane Fellaini
59%
Northern Irish defender- joined from Sunderland following a loan spell.Jonny Evans
39%
Belgian midfielder- joined from Anderlecht.Adnan Januzaj
34%
English striker- joined from Crystal Palace.Wilfred zaha
33%

Score Distribution

Percentile by Number Answered

Percent of People with Each Score

Your Score History

You have not taken this quiz